000 00420nam a22001697a 4500
003 NUST - PNEC
005 20170116181153.0
008 151209b xxu||||| |||| 00| 0 eng d
020 _a-
040 _cLIBRARY
082 _a355.09547 SID
100 _915633
_aSIDDIQI, Aslam
245 _aA path for Pakistan.
_cAslam SIDDIQI,
260 _cc1964.
650 _915634
_aMilitary policy
_xGeneral
942 _2ddc
_cBK
999 _c71060
_d71060